Statystyki dla Skład Bournemouth w Premier League 2023/24

Kliknij tutaj aby rozwiązać quiz!

Ogólne statystyki

  • Ten quiz został rozwiązany 9 razy
  • Średni wynik to 4 z 19

Statystyki odpowiedzi

NumerZawodnik% Poprawnych
9Dominic Solanke
88%
29Philip Billing
63%
16Lewis Cook
50%
3Steve Cook
50%
23Mark Travers
38%
7David Brooks
25%
5Lloyd Kelly
25%
6Chris Mepham
13%
26Gavin Kilkenny
13%
8Jefferson Lerma
13%
10Arnaut Groeneveld
0%
22Ben Pearson
0%
11Emiliano Marcondes
0%
17Jack Stacey
0%
32Jaidon Anthony
0%
33Jordan Zemura
0%
28Kyle Taylor
0%
14Sam Surridge
0%
40Will Dennis
0%

Rozkład punktacji

Percentyl według liczby udzielonych odpowiedzi

Procent ludzi z każdym wynikiem

Twoja historia wyników

Nie rozwiązałeś tego quizu